000 00808nam a2200193 i 4500
001 164558
003 ES-MaACL
005 20250820063052.0
008 050802s1896 cu | |||||||| ||spa d
040 _aCAM
_bspa
_cCAM
100 1 _aSánchez de Bustamante y Sirvén, Antonio,
_d1865-1951
_9102572
245 1 0 _aTratado de derecho internacional privado /
_cpor Antonio S. de Bustamante y Sirvén.
260 _aHabana :
_b[s.n.],
_c1896 (
_fImprenta y papeleria La Universal de Ruiz y Hermano)
300 _a1 v. ;
_c26 cm.
505 8 _aT.I, Nociones preliminares, Historia del Derecho Positivo, Historia del Derecho Cientifico (550 p.)
650 0 7 _aDerecho internacional privado
_2embne
_911721
852 _aES-MaACL
_jC-7108
_z- Enc. pasta española
_q- Sólo t.I
999 _c164558
_d164558